<?xml version="1.0" encoding="UTF-8"?>
<record
    xmlns:xsi="http://www.w3.org/2001/XMLSchema-instance"
    xsi:schemaLocation="http://www.loc.gov/MARC21/slim http://www.loc.gov/standards/marcxml/schema/MARC21slim.xsd"
    xmlns="http://www.loc.gov/MARC21/slim">

  <leader>01319nam a22002057a 4500</leader>
  <controlfield tag="005">20210414113948.0</controlfield>
  <controlfield tag="008">120529t        xxu||||| |||| 00| 0 eng d</controlfield>
  <datafield tag="020" ind1=" " ind2=" ">
    <subfield code="a">013187067 x</subfield>
  </datafield>
  <datafield tag="050" ind1=" " ind2=" ">
    <subfield code="a">HF5549.G64</subfield>
  </datafield>
  <datafield tag="100" ind1=" " ind2=" ">
    <subfield code="a">Gomez-Mejia, Luis R.</subfield>
  </datafield>
  <datafield tag="245" ind1=" " ind2=" ">
    <subfield code="a">Managing human resources. /</subfield>
    <subfield code="c">Luis R. Gomez-Mejia , David B. Balkin and Robert L. Cardy.</subfield>
  </datafield>
  <datafield tag="250" ind1=" " ind2=" ">
    <subfield code="a">5th</subfield>
  </datafield>
  <datafield tag="260" ind1=" " ind2=" ">
    <subfield code="a">New Jersey:</subfield>
    <subfield code="b">Prentice Hall,</subfield>
    <subfield code="c">2007.</subfield>
  </datafield>
  <datafield tag="300" ind1=" " ind2=" ">
    <subfield code="a">xxix, 639 p. ;</subfield>
    <subfield code="b">ill. : </subfield>
    <subfield code="c">28.3 cm.</subfield>
  </datafield>
  <datafield tag="500" ind1=" " ind2=" ">
    <subfield code="a">Includes index.</subfield>
  </datafield>
  <datafield tag="505" ind1=" " ind2=" ">
    <subfield code="a">Contents: Meeting present and emerging strategic human resource challenges -- Managing work flows and conducting job analysis -- Understanding equal opportunity and the legal environment -- Managing diversity -- Recruiting and selecting employees -- Managing employee separations, downsizing, and outplacement -- Appraising and managing performance -- Training the workforce -- Developing careers -- Managing compensation -- Rewarding performance -- Designing and administering benefits -- Developing employee relations -- Respecting employee right and managing discipline -- Working with organized labor -- Managing workplace safety and health -- International HRM challenge -- Appendix A: Concise dictionary of HR terminology.</subfield>
  </datafield>
  <datafield tag="700" ind1=" " ind2=" ">
    <subfield code="a">Balkin, David B.</subfield>
  </datafield>
  <datafield tag="700" ind1=" " ind2=" ">
    <subfield code="a">Cardy, Robert L.</subfield>
  </datafield>
  <datafield tag="942" ind1=" " ind2=" ">
    <subfield code="2">lcc</subfield>
    <subfield code="c">BK</subfield>
  </datafield>
  <datafield tag="999" ind1=" " ind2=" ">
    <subfield code="c">1000</subfield>
    <subfield code="d">8500</subfield>
  </datafield>
  <datafield tag="952" ind1=" " ind2=" ">
    <subfield code="0">0</subfield>
    <subfield code="1">0</subfield>
    <subfield code="2">lcc</subfield>
    <subfield code="4">0</subfield>
    <subfield code="7">0</subfield>
    <subfield code="a">WIUC-1</subfield>
    <subfield code="b">WIUC-1</subfield>
    <subfield code="c">GEN</subfield>
    <subfield code="d">2012-05-29</subfield>
    <subfield code="l">0</subfield>
    <subfield code="o">HF5549.G64</subfield>
    <subfield code="p">2523/12</subfield>
    <subfield code="r">2012-05-29 00:00:00</subfield>
    <subfield code="t">1</subfield>
    <subfield code="w">2012-05-29</subfield>
    <subfield code="y">BK</subfield>
  </datafield>
  <datafield tag="952" ind1=" " ind2=" ">
    <subfield code="0">0</subfield>
    <subfield code="1">0</subfield>
    <subfield code="2">lcc</subfield>
    <subfield code="4">0</subfield>
    <subfield code="7">0</subfield>
    <subfield code="a">WIUC-1</subfield>
    <subfield code="b">WIUC-1</subfield>
    <subfield code="c">GEN</subfield>
    <subfield code="d">2012-05-29</subfield>
    <subfield code="l">0</subfield>
    <subfield code="o">HF5549.G641</subfield>
    <subfield code="p">2524/12</subfield>
    <subfield code="r">2012-05-29 00:00:00</subfield>
    <subfield code="t">2</subfield>
    <subfield code="w">2012-05-29</subfield>
    <subfield code="y">BK</subfield>
  </datafield>
</record>
